000 00666nam a22002057a 4500
005 20221213031826.0
008 221213b |||||||| |||| 00| 0 eng d
020 _a978-1-78639-064-6
082 _a338.4720351 C748 2017
100 _aRaj, Razaq
_eeditor
245 _aConflicts, religion and culture /
_cedited by Razaq Raj, Kevin Griffin
260 _aOxfordshire, Ox:
_bCabi,
_cc2017.
300 _ax, 176p.;
_bcol. ill.
490 _aCabi religion tourism and pilgrimage series
500 _aIncludes index and references
541 _e6933
650 _aTourist trade - Religious aspects
650 _aPilgrims and pilgrimage
700 _aGriffin, Kevin
999 _c378
_d378